Ouvrez le coffre - Mort subite - Statistiques

Statistiques générales
  • Ce quiz a été pris 18 986 fois
  • Le résultat moyen est 11 sur 13
Answers on the Grid
Answers color-coded by a green-red scale on the quiz's grid according to % correct below.
1
Ouvrez 3
2
3
Ouvrez 6
4
5
6
Ouvrez 12
7
Terminé !
8
9
Ouvrez 24
10
11
12
Ouvrez 20
Départ
Ouvrez 9
14
15
Ouvrez 7
16
Ouvrez 23
17
18
19
Ouvrez 16
20
Ouvrez 19
21
22
23
Ouvrez 15
24
Ouvrez 1
25
 
Statistiques - réponses
Réponse % Correct
Départ
Ouvrez 9
97%
1
Ouvrez 3
93%
3
Ouvrez 6
90%
9
Ouvrez 24
90%
6
Ouvrez 12
89%
12
Ouvrez 20
88%
24
Ouvrez 1
88%
20
Ouvrez 19
86%
19
Ouvrez 16
83%
16
Ouvrez 23
78%
23
Ouvrez 15
73%
15
Ouvrez 7
65%
7
Terminé !
58%
Aucun quiz correspondant
Distribution des résultats
% des personnes avec chaque résultat
Percentile par nombre de réponses
Votre historique - résultats
Vous n’avez pas pris ce quiz